00948nam a2200253 i 450000100060000000300090000600500170001500700030003200800410003511000190007624000250009524501360012025000120025626000310026830000220029949000330032165000520035470000400040670000480044683000410049485200210053599900170055695201210057344490ES-MaACL20250827062601.0t|030321s1982 sp ||||1| spa d1 aEspaña93622 0aCódigo civil, 188910aCódigo civil / cedición preparada por César Sempere Rodríguez ; bajo la dirección de Rodrigo Bercovitz Rodríguez-Cano. a2ª ed. aMadrid : bTecnos, c1982. a637 p. ; c17 cm.1 aBiblioteca de textos legales04aDerecho civil-zEspaña-vLegislación9116631 aSempere Rodríguez, Cesar.91054111 aBercovitz Rodríguez-Cano, Rodrigo.9278571 aBiblioteca de textos legales9177271 aES-MaACLjL-3032 c44490d44490 00104070aATENEOMbATENEOMcDEPO2d2008-01-17eSCl0oL-3032p1046825r2023-02-23 00:00:00w2023-02-23yMONOGRAFIA